=LDR 00000nam 2200000 4500 =001 INLIS000000000026791 =005 20130612125220 =008 ***********************************ind** =035 ##$$0010-061300000026791 =041 ##$$a ind =082 ##$$a 510.07 =090 ##$$a 510.07, SUJ m =100 ##$$a Sujatmiko, Ponco =245 ##$$a Matematika kreatif, konsep dan terapannya untuk kelas vii SMP dan MTs semester 1A, Ponco Sujatmiko; editor, Suwarmi =260 ##$$a 2007 $b Solo =300 ##$$a xii, 228 hlm., ilus., 25 cm =650 ##$$a Matematika =650 ##$$a Pelajaran =700 ##$$a Suwarmi =850 ##$$a NBPNMAT =990 ##$$a 04530453 =990 ##$$a 1202000453